Sports Quiz

Random Sports or WWE Quiz

Complete the Card: Royal Rumble 2001 Quiz Stats

 Plays Quiz not verified by Sporcle

Challenge
Share
Tweet
Embed
Score 0/40 Timer 04:00
0 Plays Today
Match Type Wrestler % Correct
Match 5 - Royal Rumble Match (Entrants 1 - 10)Kane
97.4%
Match 5 - Royal Rumble Match (Entrants 1 - 10)Matt Hardy
97.3%
Match 5 - Royal Rumble Match (Entrants 1 - 10)Jeff Hardy
97.1%
Match 4 - Singles Match for the WWF ChampionshipTriple H
97%
Match 1 - Tag Team Match for the WWF Tag Team ChampionshipBubba Ray Dudley
96.7%
Match 2 - Ladder Match for the WWF Intercontinental ChampionshipChris Jericho
96.5%
Match 1 - Tag Team Match for the WWF Tag Team ChampionshipD-Von Dudley
96.3%
Match 1 - Tag Team Match for the WWF Tag Team ChampionshipEdge
96.2%
Match 1 - Tag Team Match for the WWF Tag Team ChampionshipChristian
96.2%
Match 4 - Singles Match for the WWF ChampionshipKurt Angle
95.4%
Match 2 - Ladder Match for the WWF Intercontinental ChampionshipChris Benoit
95.2%
Match 5 - Royal Rumble Match (Entrants 11 - 20)The Rock
94.5%
Match 5 - Royal Rumble Match (Entrants 21 - 30)Steve Austin
94.3%
Match 5 - Royal Rumble Match (Entrants 21 - 30)The Undertaker
92.7%
Match 3 - Singles Match for the WWF Women's ChampionshipChyna
91.8%
Match 3 - Singles Match for the WWF Women's ChampionshipIvory
90.1%
Match 5 - Royal Rumble Match (Entrants 21 - 30)Rikishi
89.7%
Match 5 - Royal Rumble Match (Entrants 21 - 30)Big Show
87%
Match 5 - Royal Rumble Match (Entrants 1 - 10)Faarooq
84.9%
Match 5 - Royal Rumble Match (Entrants 21 - 30)Billy Gunn
84.8%
Match Type Wrestler % Correct
Match 5 - Royal Rumble Match (Entrants 1 - 10)Perry Saturn
83.6%
Match 5 - Royal Rumble Match (Entrants 1 - 10)Raven
83.2%
Match 5 - Royal Rumble Match (Entrants 11 - 20)Bradshaw
83%
Match 5 - Royal Rumble Match (Entrants 11 - 20)The Goodfather
82.6%
Match 5 - Royal Rumble Match (Entrants 21 - 30)Scotty 2 Hotty
82.2%
Match 5 - Royal Rumble Match (Entrants 21 - 30)Test
81.8%
Match 5 - Royal Rumble Match (Entrants 11 - 20)Val Venis
81.2%
Match 5 - Royal Rumble Match (Entrants 11 - 20)Grand Master Sexay
80.6%
Match 5 - Royal Rumble Match (Entrants 1 - 10)Al Snow
79.7%
Match 5 - Royal Rumble Match (Entrants 1 - 10)Steve Blackman
79.5%
Match 5 - Royal Rumble Match (Entrants 1 - 10)Bull Buchanan
79%
Match 5 - Royal Rumble Match (Entrants 1 - 10)Drew Carey
78.3%
Match 5 - Royal Rumble Match (Entrants 11 - 20)Hardcore Holly
77.6%
Match 5 - Royal Rumble Match (Entrants 21 - 30)Crash Holly
77.4%
Match 5 - Royal Rumble Match (Entrants 11 - 20)Albert
76.8%
Match 5 - Royal Rumble Match (Entrants 11 - 20)Tazz
75.4%
Match 5 - Royal Rumble Match (Entrants 21 - 30)William Regal
68.5%
Match 5 - Royal Rumble Match (Entrants 21 - 30)Haku
67%
Match 5 - Royal Rumble Match (Entrants 11 - 20)The Honky Tonk Man
64.8%
Match 5 - Royal Rumble Match (Entrants 11 - 20)K-Kwik
57.7%

You're not logged in!

Compare scores with friends on all Sporcle quizzes.
OR
Log In

You Might Also Like...

Show Comments

Extras

Top Quizzes Today


Score Distribution

Your Account Isn't Verified!

In order to create a playlist on Sporcle, you need to verify the email address you used during registration. Go to your Sporcle Settings to finish the process.

Report this User

Report this user for behavior that violates our Community Guidelines.

Details: